[Event "IND-chB (Women) 38th"]
[Site "Chennai"]
[Date "2011.07.02"]
[Round "1"]
[White "Sowjhanya, S."]
[Black "Monnisha, GK."]
[Result "0-1"]
[WhiteElo "1555"]
[BlackElo "1929"]
[PlyCount "92"]
[EventDate "2011.07.02"]
[EventType "swiss"]
[EventRounds "11"]
[EventCountry "IND"]
[SourceTitle "CBM 143 Extra"]
[Source "ChessBase"]
[SourceDate "2011.08.29"]
[SourceVersion "1"]
[SourceVersionDate "2011.08.29"]
[SourceQuality "1"]

1. e4 e5 2. Nf3 Nc6 3. Bc4 Nf6 4. d3 Bc5 5. Nc3 0-0 6. 0-0 h6 7. Be3 d6 8. h3 Re8 9. Nh2 Ne7 10. d4 exd4 11. Bxd4 Bxd4 12. Qxd4 Nc6 13. Qe3 Bf5 14. f3 Bd7 15. Qd2 Ne5 16. Bb3 a6 17. Nd5 Nxd5 18. Bxd5 c6 19. Bb3 Qb6+ 20. Qf2 Qc5 21. Qxc5 dxc5 22. c3 a5 23. Rad1 a4 24. Bc2 Be6 25. Bb1 Red8 26. Rfe1 Nc4 27. b4 cxb4 28. cxb4 Nd2 29. a3 Nc4 30. Rd3 Rxd3 31. Bxd3 Nxa3 32. Ra1 Nc4 33. Bxc4 Bxc4 34. Ng4 a3 35. Ne3 Bb3 36. Nf5 a2 37. Nd4 Bc4 38. Kf2 Ra4 39. Nc2 Bd3 40. Nd4 Bb1 41. Ke3 Rxb4 42. Ne2 b5 43. Nc3 Rb3 44. Kd2 Rb2+ 45. Ke3 c5 46. Nd1 Rxg2 0-1